00301nam a2200121Ia 4500003000400000008004100004040001600045082001300061100001900074245003400093260004200127300001000169GCL140319s9999 xx 000 0 eng d aGCL / cGCL04a150bS P1 aSDOROW, LESTER10aPSYCHOLOGY / cSDOROW, LESTER a[S.N] : bBROWN & BENCHMARK ، c1995 a700 P